书目信息 |
| 题名: |
3DS动画设计
|
|
| 作者: | 邹文高 | |
| 分册: | ||
| 出版信息: | 中国建材工 中国建材工业出版社 1998.11 |
|
| 页数: | 220页 | |
| 开本: | ||
| 丛书名: | ||
| 单 册: | ||
| 中图分类: | TP317.4 | |
| 科图分类: | ||
| 主题词: | 软件 | |
| 电子资源: | ||
| ISBN: | ||
| 000 | 00492nam0 2200193 45 | |
| 001 | 0308271082 | |
| 005 | 20030827105728.6 | |
| 010 | @d798.00元 | |
| 100 | @a20030827d1998 km y0chiy0120 ea | |
| 101 | @achi | |
| 105 | @a z 000yy | |
| 200 | 1 | @a3DS动画设计@A3DS dong hua she ji@f邹文高@Fzou wen gao |
| 210 | @a中国建材工@c中国建材工业出版社@d1998.11 | |
| 215 | @a220页 | |
| 606 | 0 | @a软件 |
| 690 | @aTP317.4@v3 | |
| 701 | 0 | @a邹文高 |
| 801 | @aCN@b@c20030827 | |
| 905 | @aBZT@dTP317.4@e127 | |
| 3DS动画设计/邹文高.-中国建材工:中国建材工业出版社,1998.11 |
| 220页 |
| ISBN :798.00元 |
| ● |
| 相关链接 |
|
|
|
正题名:3DS动画设计
索取号:TP317.4/127
 
预约/预借
| 序号 | 登录号 | 条形码 | 馆藏地/架位号 | 状态 | 备注 |
| 1 | 106839 | 201151519 | 中心书库中库/ 中库027架A面3列5层46/ [索取号:TP317.4/127] | 在馆 |